| 000 -LEADER |
| fixed length control field |
00639cam a22001697a 4500 |
| 008 - FIXED-LENGTH DATA ELEMENTS--GENERAL INFORMATION |
| fixed length control field |
180718b2003 xxu||||| |||| 00| 0 eng d |
| 082 ## - DEWEY DECIMAL CLASSIFICATION NUMBER |
| Classification number |
APPPA 2002-03/BHA/3 |
| 100 ## - MAIN ENTRY--PERSONAL NAME |
| Personal name |
Bhalla, Vinay |
| 245 ## - TITLE STATEMENT |
| Title |
Privatisation of defence industry with special reference to clothing factories under ordance factory board |
| Statement of responsibility, etc. |
by Vinay Bhalla |
| 260 ## - PUBLICATION, DISTRIBUTION, ETC. |
| Place of publication, distribution, etc. |
New Delhi |
| Name of publisher, distributor, etc. |
Indian Institute of Public Administration |
| Date of publication, distribution, etc. |
2003 |
| 300 ## - PHYSICAL DESCRIPTION |
| Extent |
147p. |
| 500 ## - GENERAL NOTE |
| General note |
An APPPA M. Phil. dissertation, 2002-03 (Guide: Anil C. Ittyerah) |
| 650 ## - SUBJECT ADDED ENTRY--TOPICAL TERM |
| Topical term or geographic name entry element |
APPPA |
| 650 ## - SUBJECT ADDED ENTRY--TOPICAL TERM |
| Topical term or geographic name entry element |
Ordance industry - India |
| 650 ## - SUBJECT ADDED ENTRY--TOPICAL TERM |
| Topical term or geographic name entry element |
Ordance Factory Board India |
| 650 ## - SUBJECT ADDED ENTRY--TOPICAL TERM |
| Topical term or geographic name entry element |
Privatization - India |